000 00698cab a2200241 4500
001 ABS58181
008 090401t1998 xxu||||| |||| 00| 0 eng d
035 _a(Sirsi) u83528
041 _aeng
100 _aCooper, R.
245 _aFoundation shift
260 _c1998
350 _a0
490 _aEstates Gazette
_v(9804) 24 January 1998, 136-138(3)
520 _aExamines the impact of post-recessionary conditions in the property market on ground rents and leases.
650 _aPROPERTY-COMMERCIAL PROPERTY
650 _aGROUND LEASES
650 _aGROUND RENTS
690 _aLANDLORD AND TENANT-BUSINESS TENANCIES
700 _aKillick, W.
942 _n0
948 _c04/02/1998
999 _c52758
_d52758